[Event "La Fere op 10th"]
[Site "La Fere"]
[Date "2011.07.09"]
[Round "9.14"]
[White "Mestdagh, Franck"]
[Black "Pretceille, Jeremie"]
[Result "1-0"]
[WhiteElo "1948"]
[BlackElo "1857"]
[PlyCount "121"]
[EventDate "2011.07.02"]
[EventType "swiss"]
[EventRounds "9"]
[EventCountry "FRA"]
[SourceTitle "EXT 2012"]
[Source "ChessBase"]
[SourceDate "2011.11.24"]
[SourceVersion "1"]
[SourceVersionDate "2011.11.24"]
[SourceQuality "1"]

1. Nf3 Nf6 2. d4 e6 3. g3 c5 4. Bg2 Nc6 5. 0-0 d5 6. c4 Be7 7. Nc3 0-0 8. cxd5 exd5 9. Qb3 c4 10. Qd1 a6 11. Re1 Re8 12. Ne5 Bf5 13. e4 Nxe5 14. dxe5 Nxe4 15. Nxd5 Nc5 16. Be3 Rc8 17. Qh5 Bg6 18. Qg4 Qd7 19. Qxd7 Nxd7 20. Bh3 Rcd8 21. Rad1 Bd3 22. Nc7 Nxe5 23. Nxe8 Nf3+ 24. Kh1 Nxe1 25. Rxe1 Bb4 26. Bb6 Bxe1 27. Bxd8 Bxf2 28. Ba5 Kf8 29. Nd6 b5 30. Bb4 Kg8 31. Bg2 Bd4 32. Bc3 Bc5 33. Ne4 Bb6 34. a3 f5 35. Ng5 h6 36. Bd5+ Kf8 37. Bb4+ Ke8 38. Bc6+ Kd8 39. Ne6+ Kc8 40. Nxg7 Kc7 41. Bf3 Be3 42. Ne6+ Kb6 43. Nf4 Bc1 44. Nxd3 cxd3 45. Bc3 Kc5 46. Kg2 Kc4 47. Bd1 a5 48. Kf3 b4 49. axb4 axb4 50. Bg7 Kd5 51. Bb3+ Kd6 52. Bc4 d2 53. Ke2 Kc5 54. b3 f4 55. gxf4 d1Q+ 56. Kxd1 Bxf4 57. h3 Kb6 58. Bf8 Ka5 59. Be7 Be3 60. Ke2 Bc1 61. Bd8# 1-0

[Event "La Fere op 10th"]
[Site "La Fere"]
[Date "2011.07.03"]
[Round "2.10"]
[White "Pretceille, Jeremie"]
[Black "Bardoux, Thierry"]
[Result "1/2-1/2"]
[WhiteElo "1857"]
[BlackElo "2154"]
[PlyCount "84"]
[EventDate "2011.07.02"]
[EventType "swiss"]
[EventRounds "9"]
[EventCountry "FRA"]
[SourceTitle "EXT 2012"]
[Source "ChessBase"]
[SourceDate "2011.11.24"]
[SourceVersion "1"]
[SourceVersionDate "2011.11.24"]
[SourceQuality "1"]

1. e4 c5 2. Nc3 Nc6 3. g3 g6 4. Bg2 Bg7 5. Nge2 e6 6. d3 Nge7 7. 0-0 0-0 8. Bf4 d6 9. Qd2 a6 10. Rab1 b5 11. Bh6 Qb6 12. Kh1 Bb7 13. Bxg7 Kxg7 14. f4 Nd4 15. Nxd4 cxd4 16. Qf2 Rac8 17. Rbc1 f5 18. Rfe1 Qc5 19. Ne2 e5 20. a3 a5 21. c3 dxc3 22. Qxc5 Rxc5 23. Rxc3 Rfc8 24. Rec1 Rxc3 25. Rxc3 fxe4 26. Bxe4 Bxe4+ 27. dxe4 Rxc3 28. Nxc3 b4 29. axb4 axb4 30. Nb5 Nc8 31. b3 Kf7 32. Nc7 Ne7 33. Kg2 Nc6 34. Nd5 Nd4 35. Nxb4 Nxb3 36. Nd3 Ke6 37. h3 Nd2 38. Nf2 h5 39. h4 d5 40. exd5+ Kxd5 41. fxe5 Kxe5 42. Nd3+ Kf5 1/2-1/2